000 00511nam a22001937a 4500
005 20160419100453.0
008 160419b xxu||||| |||| 00| 0 spa d
020 _a9789972233302
041 _aEspañol
082 _a131.3
_bC945c
245 _aCromoterapia : aplicaciones y tratamientos
260 _aPerú
_bMirbet
_c2012
300 _a135 páginas
650 _aCROMOTERAPIA
_98209
650 _aCOLOR
_9964
650 _aTÉCNICA EMPLEADAS
_98210
650 _aTRATAMIENTOS CREMATICOS
_98211
942 _cBK
999 _c7982
_d7982